Изотопный состав углерода газов биохимического происхождения

Detalhes bibliográficos
Autor principal: Алексеев Ф. А.
Outros Autores: Лебедев В. С., Овсянников В. М.
Idioma:russo
Publicado em: Москва, Недра, 1973
Assuntos:
Formato: Livro
KOHA link:https://koha.lib.tpu.ru/cgi-bin/koha/opac-detail.pl?biblionumber=86738

MARC

LEADER 00000nam0a2200000 4500
001 86738
005 20231031101849.0
035 |a (RuTPU)RU\TPU\book\93138 
090 |a 86738 
100 |a 20051129d1973 k a0rusy5003 ca 
101 0 |a rus 
102 |a RU 
105 |a a z 000zy 
200 1 |a Изотопный состав углерода газов биохимического происхождения  |f Ю. П. Райзер 
210 |a Москва  |d 1973  |c Недра 
215 |a 89 с.  |c ил. 
320 |a Библиогр.: с. 82-87 
610 1 |a геология 
610 1 |a газы 
610 1 |a углерод 
610 1 |a изотопный состав 
610 1 |a образование 
675 |a 550.4  |z rus 
700 1 |a Алексеев  |b Ф. А.  |4 070 
701 1 |a Лебедев  |b В. С. 
701 1 |a Овсянников  |b В. М. 
801 0 |a RU  |b RuMRKP  |c 19950417  |g psbo 
801 1 |a RU  |b 63413507  |c 20051129  |g PSBO 
801 2 |a RU  |b 63413507  |c 20060510  |g PSBO 
942 |c BK